| 000 | 00622nam a22001933a 4500 | ||
|---|---|---|---|
| 005 | 20230428063555.0 | ||
| 008 | 010628s1992 mx r 000 0 spa d | ||
| 020 | _a9682938872 | ||
| 035 | _aUPN01000108987 | ||
| 049 | _aSEP | ||
| 050 | 4 |
_aF1221 T25 _bM4.28 |
|
| 100 | 1 | _aMerrill, William L. | |
| 245 | 1 | 0 |
_aAlmas rarámuris / _cWilliam L. Merrill ; tr. Lourdes Alverdi. |
| 260 |
_aMéxico : _bConsejo Nacional para la Cultura y las Artes : _bInstituto Nacional Indigenista, _c1992. |
||
| 300 |
_a315 p. : _bil. |
||
| 440 | 0 |
_aPresencias ; _v48 |
|
| 650 | 2 |
_aTarahumaras _xVida social y costumbres _911572 |
|
| 905 | _aLibro | ||
| 999 |
_c82898 _d82898 |
||